000 00805nam a2200217 a 4500
003 0
005 20250206151821.0
008 130817s19uu xx 00 eng d
050 _aPHS HQ 755.85
_b.T153 2013
100 _aTamargo, Tedd Isaac E.
245 _aParental relationships and WiFi based communication /
_cTedd Isaac E. Tamargo.
260 _aLas PiƱas City, Philippines :
_bSouthville International School and Colleges,
_c2013.
300 _a35 pages :
_billustrations ;
_c28 cm.
504 _aIncludes bibliographical references.
650 _aDigital communication
_vSocial aspects.
650 _aParent and child
_vCommunication.
650 _aFamilies
_vEffect of technological innovations on.
650 _aInternet and families.
650 _aWiFi
_vSocial aspects.
942 _2lcc
_cPASS
999 _c98925
_d98925